Statystyki dla Najlepsi strzelcy Reprezentacji Polski w piłce nożnej

Kliknij tutaj aby rozwiązać quiz!

Ogólne statystyki

  • Ten quiz został rozwiązany 608 razy
    (39 od ostatniego zresetowania)
  • Średni wynik to 9 z 17

Statystyki odpowiedzi

Liczba bramekZawodnik% Poprawnych
82Robert Lewandowski
97%
45Grzegorz Lato
89%
41Kazimierz Deyna
86%
17Arkadiusz Milik
78%
24Zbigniew Boniek
78%
21Jakub Błaszczykowski
76%
48Włodzimierz Lubański
65%
32Andrzej Szarmach
59%
19Euzebiusz Smolarek
59%
39Ernest Pohl
46%
17Kamil Grosicki
43%
17Maciej Żurawski
43%
21Ernest Wilimowski
41%
27Gerrard Cieślik
24%
20Dariusz Dziekanowski
22%
18Lucjan Brychczy
16%
19Roman Kosecki
14%

Rozkład punktacji

Percentyl według liczby udzielonych odpowiedzi

Procent ludzi z każdym wynikiem

Twoja historia wyników

Nie rozwiązałeś tego quizu od ostatniego zresetowania